Impact of Tax Policy on the Business Economy
Efektívny variant zdaňovania príjmov právnických osôb, pričom daný variant zdanenia by mal mať pozitívny vplyv na podnikateľskú činnosť a konkurencieschopnosť firiem vo vybranom sektore ekonomiky a zároveň takéto zdaňovanie má byť stále prospešné pre štát. Tradičné spotrebné dane, ako sú dane z mine...
Salvato in:
| Autore principale: | |
|---|---|
| Altri autori: | , |
| Natura: | Capitolo di libro |
| Lingua: | inglese |
| Soggetti: | |
| Tags: |
Nessun Tag, puoi essere il primo ad aggiungerne!!
|
MARC
| LEADER | 00000naa a2200000 4500 | ||
|---|---|---|---|
| 001 | 0279521 | ||
| 005 | 20211109090142.3 | ||
| 041 | 0 | |a eng | |
| 044 | |a SK | ||
| 245 | 1 | 0 | |a Impact of Tax Policy on the Business Economy |c Miriam Buliková, Peter Bielik, Stefaniia Belinska |
| 520 | |a Efektívny variant zdaňovania príjmov právnických osôb, pričom daný variant zdanenia by mal mať pozitívny vplyv na podnikateľskú činnosť a konkurencieschopnosť firiem vo vybranom sektore ekonomiky a zároveň takéto zdaňovanie má byť stále prospešné pre štát. Tradičné spotrebné dane, ako sú dane z minerálnych olejov a palív, tabaku a alkoholických nápojov, doplnené o energetické, environmentálne a elektronické dane. Slovensko a Európska únia chcú týmito daňami na jednej strane znižovať záťaž na životné prostredie, na druhej strane musia reagovať na nové výzvy globalizácie, informácií a komunikácie. | ||
| 610 | 2 | 0 | |a politika daňová |
| 610 | 2 | 0 | |a osoby právnické |
| 610 | 2 | 0 | |a zdaňovanie |
| 610 | 2 | 0 | |a príjmy |
| 610 | 2 | 0 | |a podnik |
| 610 | 2 | 0 | |a zaťaženie daňové |
| 100 | 1 | |a Buliková, Miriam | |
| 700 | 1 | |a Bielik, Peter | |
| 700 | 1 | |a Belinska, Stefaniia | |